00341nam a2200133Ia 4500003000400000008004100004040001600045082001500061100002300076245004700099260004200146300000800188650001100196GCL140319s9999 xx 000 0 eng d aGCL / cGCL04a778.3bF N1 aFEININGER, ANDREAS10aNATURE IN MINIATURE / cFEININGER, ANDREAS a[S.N] : bTHAMES AND HUDSON ، c1989 a14204aNATURE